Manuál technické dokumentace
Gespeichert in:
| Hauptverfasser: | , |
|---|---|
| Format: | Buch |
| Sprache: | Tschechisch |
| Veröffentlicht: |
České Budějovice :
Kopp,
1999
|
| Ausgabe: | 3. přepracované vyd |
| Tags: |
Keine Tags, Fügen Sie das erste Tag hinzu!
|
MARC
| LEADER | 00000nam a22000003a 4500 | ||
|---|---|---|---|
| 001 | stu75700 | ||
| 005 | 20150617225644.1 | ||
| 008 | 020516s1999----xr------------------cze-d | ||
| 020 | |a 80-7232-082-3 | ||
| 040 | |a STU |b slo | ||
| 041 | 0 | |a cze | |
| 044 | |a xr | ||
| 080 | |a 004.01(083.131) | ||
| 100 | 1 | |a Šťastný, Jiří |4 aut | |
| 245 | 1 | |a Manuál technické dokumentace | |
| 250 | |a 3. přepracované vyd | ||
| 260 | |a České Budějovice : |b Kopp, |c 1999 | ||
| 300 | |a 326 s | ||
| 700 | 1 | |a Třeštík, Boleslav |4 aut | |
| 996 | |b 284J008091 |c J*99013 |l JJSK |s A |a 24 |w stu75700_0001 | ||